The M & E. Handbook Series : Organisation and Methods (Record no. 2281)

MARC details
005 - DATE AND TIME OF LATEST TRANSACTION
control field 20250514151815.0
020 ## - INTERNATIONAL STANDARD BOOK NUMBER
International Standard Book Number 0 7121 1510 2
082 ## - DEWEY DECIMAL CLASSIFICATION NUMBER
Classification number 658.402 AND
100 ## - MAIN ENTRY--PERSONAL NAME
Author name ANDERSON, R. G.
245 ## - TITLE STATEMENT
Title The M & E. Handbook Series : Organisation and Methods
260 ## - PUBLICATION, DISTRIBUTION, ETC.
Place of publication, distribution, etc. London,
Name of publisher, distributor, etc. MacDonals & Evans,
Date of publication, distribution, etc. 1973.
300 ## - PHYSICAL DESCRIPTION
Extent xvi,336p.: ill.; figure
Other physical details Index
Dimensions 17cm.
942 ## - ADDED ENTRY ELEMENTS (KOHA)
Source of classification or shelving scheme Dewey Decimal Classification
Koha item type Books
Holdings
Date last seen Total checkouts Full call number Barcode Cost, replacement price Price effective from Koha item type Lost status Source of classification or shelving scheme Damaged status Not for loan Withdrawn status Home library Current library Shelving location Date acquired Cost, normal purchase price
05/14/2025   658.402 AND 0000008722 30000.00 05/14/2025 Books   Dewey Decimal Classification       College of Business Education Main Library College of Business Education Main Library General Collection 09/14/1979 10000.00
05/14/2025   658.402 AND 0000008723 30000.00 05/14/2025 Books   Dewey Decimal Classification       College of Business Education Main Library College of Business Education Main Library General Collection 09/14/1979 10000.00
05/14/2025   658.402 AND 0000008724 30000.00 05/14/2025 Books   Dewey Decimal Classification       College of Business Education Main Library College of Business Education Main Library General Collection 09/14/1979 10000.00